Estadísticas para Países que permiten el matrimonio entre personas del mismo sexo

Haz click aquí para intentar la prueba.

Estadísticas generales

  • Esta prueba ha sido intentada 149 veces
    (5 desde el último reinicio)
  • La puntuación promedio es 30 de 37

Estadísticas de respuestas

AñoPaises% Correcto
2023Andorra
100%
2017Australia
100%
2019Austria
100%
2003Bélgica
100%
2005Canadá
100%
2012Dinamarca
100%
2005España
100%
2015Estados Unidos
100%
2017Finlandia
100%
2013Francia
100%
2024Grecia
100%
2009Noruega
100%
2013Nueva Zelanda
100%
2001Países Bajos
100%
2010Portugal
100%
2009Suecia
100%
2017Alemania
80%
2010Argentina
80%
2013Brasil
80%
2022Chile
80%
2016Colombia
80%
2022Cuba
80%
2015Irlanda
80%
2015Luxemburgo
80%
2022México
80%
2020Reino Unido
80%
2022Suiza
80%
2020Costa Rica
60%
2022Eslovenia
60%
2024Estonia
60%
2017Malta
60%
2013Uruguay
60%
2019Ecuador
40%
2010Islandia
40%
2006Sudáfrica
40%
2019Taiwán
40%
2023Nepal
20%

Distribución de puntuación

Porcentaje por número respondido

Porcentaje de gente con cada puntuación

Historial de tus puntuaciones

No has intentado esta prueba desde el último reinicio